[Event "Novi Sad ol (Men)"]
[Site "Novi Sad"]
[Date "1990.??.??"]
[Round "12"]
[White "Garcia, Gildardo"]
[Black "Beliavsky, Alexander G"]
[Result "0-1"]
[WhiteElo "2445"]
[BlackElo "2605"]

1.e4 e5 2.Nf3 Nc6 3.Bb5 a6 4.Ba4 Nf6 5.O-O b5 6.Bb3 Bb7 7.Re1 Bc5 8.c3 d6
9.d4 Bb6 10.Bg5 h6 11.Bh4 g5 12.Bg3 O-O 13.dxe5 Nxe5 14.Nxe5 dxe5 15.Nd2 Qe7
16.Qe2 Rad8 17.a4 Rd6 18.axb5 axb5 19.Nf1 Bc6 20.Bc2 Rfd8 21.Rac1 h5 22.h3 h4
23.Bh2 Qe6 24.Ne3 Rd2 25.Qf3 Rxc2 26.Nxc2 Rd2 27.Kh1 g4 28.hxg4 Rxf2 29.Qh3 Nxe4
30.Ne3 Rxg2 31.Qxg2 h3 32.Qc2 Nd2+ 33.Kg1 Qxg4+  0-1

[Event "Novi Sad ol (Men)"]
[Site "Novi Sad"]
[Date "1990.??.??"]
[Round "14"]
[White "Garma, Chito"]
[Black "Alzate, Dario"]
[Result "1/2-1/2"]
[WhiteElo "2280"]
[BlackElo "2385"]

1.e4 e5 2.Nf3 Nc6 3.Bb5 a6 4.Ba4 Nf6 5.O-O b5 6.Bb3 Bb7 7.Re1 Bc5 8.c3 d6
9.d4 Bb6 10.Be3 O-O 11.d5 Ne7 12.Bxb6 cxb6 13.Nbd2 Bc8 14.Nh4 Ng6 15.Nxg6 fxg6
16.a4 bxa4 17.Bxa4 b5 18.Bxb5 Ng4 19.Rf1 Nxf2 20.Qe2 Bg4 21.Qe3 axb5 22.Rxa8 Qxa8
23.Rxf2 Qa1+ 24.Nf1 Rxf2 25.Qxf2 Qd1 26.Qd2 Qb1 27.h3 Bd1 28.Qe1 Qd3 29.Qe3 Qb1
30.Qb6 h5 31.Qxb5 Qxe4 32.Qb8+ Kh7 33.Qxd6 Bb3 34.Qc5 Bxd5 35.Qf2 Qb1 36.Kh2 Bb3
37.Qe2 Qf5 38.Ng3 Qf4 39.Qe4 Qd2 40.Qxe5 Bd5 41.Qe2 Qf4 42.Qf1 Qb8 43.c4 Bc6
44.h4 Qxb2 45.Ne2 Qe5+ 46.Nf4 Qd4 47.g3 Qd2+ 48.Qe2 Qc1 49.Nd5 Qa1 50.Qd2 Qf1
51.Qc2 Qe1 52.Qg2 Qe5 53.Qf3 Qb2+ 54.Qg2 Qd4 55.Qa2 Qe4 56.Kg1 Bd7 57.Qa7 Qb1+
58.Kf2 Qb2+ 59.Ke3 Qe5+ 60.Kd2 Bg4 61.Qa3 Qd4+ 62.Qd3 Qb2+ 63.Ke3 Qe5+ 64.Kd2  1/2-1/2

[Event "Oberwart op"]
[Site "Oberwart"]
[Date "1990.??.??"]
[Round "?"]
[White "Ilincic, Zlatko"]
[Black "Mainka, Romuald"]
[Result "0-1"]
[WhiteElo "2490"]
[BlackElo "2445"]

1.e4 e5 2.Nf3 Nc6 3.Bb5 a6 4.Ba4 Nf6 5.O-O b5 6.Bb3 Bb7 7.c3 Nxe4 8.d4 Na5
9.Bc2 exd4 10.b4 Nc4 11.Bxe4 Bxe4 12.Re1 d5 13.Nxd4 c5 14.bxc5 Bxc5 15.f3 O-O
16.fxe4 dxe4 17.Kh1 b4 18.Qe2 Bxd4 19.Rd1 bxc3 20.Qxc4 Qf6 21.Rf1 Rac8 22.Qe2 Qg6
23.Qc2 e3 24.Na3 Rfe8 25.Re1 e2 26.Bf4 Qg4 27.Bg3 h5 28.Qd3 c2 29.Rac1 h4
30.Nxc2 hxg3 31.h3 Qe4  0-1

[Event "Paris-ch"]
[Site "Paris"]
[Date "1990.??.??"]
[Round "?"]
[White "Psakhis, Lev"]
[Black "Bode, Ulf"]
[Result "1-0"]
[WhiteElo "2570"]
[BlackElo "2235"]

1.e4 e5 2.Nf3 Nc6 3.Bb5 a6 4.Ba4 Nf6 5.O-O b5 6.Bb3 Bb7 7.Re1 Bc5 8.c3 d6
9.d4 Bb6 10.Be3 O-O 11.Nbd2 Re8 12.Qb1 Qd7 13.h3 Kh8 14.a3 exd4 15.cxd4 d5
16.e5 Ne4 17.Nxe4 dxe4 18.Ng5 Nxd4 19.Qd1 h6 20.Nxf7+ Kh7 21.Ng5+ Kh8 22.e6 Qe7
23.Nf7+ Kg8 24.Bxd4 Bxd4 25.Qxd4 c5 26.Qd7  1-0

[Event "Wch Girls U20"]
[Site "Santiago"]
[Date "1990.??.??"]
[Round "?"]
[White "Dabrowska, Krystyna"]
[Black "Fruteau, Sabine"]
[Result "1-0"]
[WhiteElo "2160"]
[BlackElo "2040"]

1.e4 e5 2.Nf3 Nc6 3.Bb5 a6 4.Ba4 Nf6 5.O-O b5 6.Bb3 Bb7 7.d4 Nxd4 8.Nxd4 exd4
9.e5 Ne4 10.c3 dxc3 11.Qf3 Qe7 12.Nxc3 Nc5 13.Nd5 Bxd5 14.Bxd5 O-O-O 15.b4 c6
16.bxc5 cxd5 17.Bd2 Qe6 18.Ba5 Re8 19.Rad1 Qc6 20.Rxd5 Kb8 21.Bb6 f6 22.exf6 gxf6
23.Rfd1 Re6 24.Qf4+ Kc8 25.g3 d6 26.cxd6 Re1+ 27.Rxe1 Qxd5 28.Qxf6  1-0

[Event "Wch U20"]
[Site "Santiago"]
[Date "1990.??.??"]
[Round "4"]
[White "Ulibin, Mikhail"]
[Black "Hauchard, Arnaud"]
[Result "1-0"]
[WhiteElo "2500"]
[BlackElo "2340"]

1.e4 e5 2.Nf3 Nc6 3.Bb5 a6 4.Ba4 Nf6 5.O-O b5 6.Bb3 Bb7 7.c3 Nxe4 8.d4 Na5
9.Bc2 exd4 10.b4 Nc4 11.Bxe4 Bxe4 12.Re1 d5 13.Nxd4 c5 14.bxc5 Bxc5 15.f3 O-O
16.fxe4 dxe4 17.Rxe4 Qd5 18.Rh4 Rad8 19.Qd3 f5 20.Bg5 Rd6 21.Nd2 Ne5 22.Qf1 Ng6
23.Rh3 f4 24.Nf3 b4 25.Kh1 bxc3 26.Nc2 Rb8 27.Bh4 Rb2 28.Nfe1 Qe4 29.Rxc3 Nxh4
30.Rxc5 Rd2 31.Qc4+ Qxc4 32.Rxc4 g5 33.Nd4 Nxg2 34.Nef3 Rf2 35.Rc8+ Kg7 36.Ne6+ Kh6
37.Nexg5 Nh4 38.Rc6+ Kh5 39.Rc5 Rxf3 40.Nxf3+ Kg4 41.Rc3 Rxa2 42.Rg1+ Kf5
43.Rg5+ Ke6 44.Rc6+ Kd7 45.Ne5+ Kd8 46.Rg8+ Ke7 47.Rg7+  1-0

[Event "Sevilla op"]
[Site "Sevilla"]
[Date "1990.??.??"]
[Round "?"]
[White "Antunes, Antonio"]
[Black "Arencibia, Walter"]
[Result "0-1"]
[WhiteElo "2445"]
[BlackElo "2425"]

1.e4 e5 2.Nf3 Nc6 3.Bb5 a6 4.Ba4 Nf6 5.O-O b5 6.Bb3 Bb7 7.d4 Nxd4 8.Nxd4 exd4
9.e5 Ne4 10.c3 d3 11.Qf3 Qe7 12.Nd2 Nc5 13.Bd5 Bxd5 14.Qxd5 c6 15.Qd4 d6
16.b4 Ne6 17.Qe4 Rc8 18.Nf3 g6 19.Rd1 dxe5 20.Nxe5 Bg7 21.Rxd3 O-O 22.Nf3 c5
23.Bg5 Qe8 24.Rad1 Nxg5 25.Nxg5 h6 26.Qxe8 Rfxe8 27.Nf3 c4 28.Rd6 Bxc3 29.Kf1 Bxb4
30.Rxa6 c3 31.a3 c2 32.Rc1 Red8  0-1

[Event "UKR-ch"]
[Site "Simferopol"]
[Date "1990.??.??"]
[Round "?"]
[White "Frolov, Artur"]
[Black "Huzman, Alexander"]
[Result "1/2-1/2"]
[WhiteElo "2485"]
[BlackElo "2475"]

1.e4 e5 2.Nf3 Nc6 3.Bb5 a6 4.Ba4 Nf6 5.O-O b5 6.Bb3 Bb7 7.d4 Nxd4 8.Bxf7+ Kxf7
9.Nxe5+ Kg8 10.Qxd4 c5 11.Qd1 Qe8 12.Nf3 Qxe4 13.Bg5 Qf5 14.Bxf6 Qxf6 15.Nc3 Rd8
16.Re1 d5 17.Qe2 Bd6 18.Rad1 Kf7 19.Ng5+ Qxg5 20.Qe6+ Kf8 21.Rd3 Qf6 22.Rf3 Qxf3
23.gxf3 Bc8 24.Qe2 Kf7 25.Nxd5 Rhe8 26.Qf1 Rxe1 27.Qxe1 Bxh2+ 28.Kxh2 Rxd5
29.Qe4 Rh5+ 30.Kg2 c4 31.Qa8 Bf5 32.Qa7+ Kf8 33.c3 Rg5+ 34.Kh2 Be6 35.Qxa6 Kf7
36.Qb7+ Kf6 37.Qc6 Rh5+ 38.Kg3 Rg5+ 39.Kh4 Rg1  1/2-1/2

[Event "St Ingbert op"]
[Site "St Ingbert"]
[Date "1990.??.??"]
[Round "3"]
[White "Molnar, Bela"]
[Black "Siklosi, Zoltan"]
[Result "1/2-1/2"]
[WhiteElo "2215"]
[BlackElo "2400"]

1.e4 e5 2.Nf3 Nc6 3.Bb5 a6 4.Ba4 Nf6 5.O-O b5 6.Bb3 Bb7 7.c3 Nxe4 8.Re1 Nc5
9.Nxe5 Nxe5 10.Rxe5+ Ne6 11.d4 Bd6 12.Rh5 Qf6 13.a4 g6 14.Rh3 O-O 15.Qg4 Rae8
16.Kf1 Nf4 17.Bxf4 Bxf4 18.Na3 Re7 19.axb5 Rfe8 20.Bc4 Bd2 21.Nc2 axb5 22.Bd3  1/2-1/2

[Event "Stockholm"]
[Site "Stockholm"]
[Date "1990.??.??"]
[Round "?"]
[White "Hellers, Ferdinand"]
[Black "Shirov, Alexei"]
[Result "0-1"]
[WhiteElo "2520"]
[BlackElo "2580"]

1.e4 e5 2.Nf3 Nc6 3.Bb5 a6 4.Ba4 Nf6 5.O-O b5 6.Bb3 Bb7 7.c3 Nxe4 8.d4 Na5
9.Bc2 exd4 10.b4 Nc4 11.Bxe4 Bxe4 12.Re1 d5 13.Nxd4 c5 14.bxc5 Bxc5 15.f3 O-O
16.fxe4 dxe4 17.Rxe4 Qd5 18.Qf3 Ne5 19.Qf5 Rae8 20.Nd2 b4 21.Rh4 g6 22.Ne4 Bxd4+
23.cxd4 Qxd4+ 24.Qf2 Qd1+ 25.Qf1 Qd4+ 26.Qf2 Qd1+ 27.Qf1 Qd4+ 28.Kh1 Ng4
29.Bf4 h5 30.Rxg4 hxg4 31.Ng3 Re6 32.Rd1 Qb2 33.Rd2 Qc3 34.h4 gxh3 35.gxh3 g5
36.Kh2 gxf4 37.Qxf4 Rfe8 38.Rg2 Rg6 39.Rf2 f6 40.Nh5 Rf8 41.Qf5 Qe5+  0-1

[Event "USA op"]
[Site "USA"]
[Date "1990.??.??"]
[Round "?"]
[White "Burnett, Kevin"]
[Black "Reshevsky, Samuel Herman"]
[Result "1-0"]
[WhiteElo "2295"]
[BlackElo "2430"]

1.e4 e5 2.Nf3 Nc6 3.Bb5 a6 4.Ba4 Nf6 5.O-O b5 6.Bb3 Bb7 7.d3 Be7 8.a4 b4
9.Nbd2 O-O 10.Nc4 d6 11.Ne3 g6 12.Bd2 a5 13.h3 Bc8 14.Nd5 Be6 15.c3 Rb8 16.Bh6 Re8
17.Ng5 Bf8 18.Nxe6 fxe6 19.Bg5 Be7 20.Nxe7+ Qxe7 21.f4 exf4 22.Rxf4 Rf8 23.Qc2 Qg7
24.Bxe6+ Kh8 25.Raf1 Nh5 26.Rxf8+ Rxf8 27.Rxf8+ Qxf8 28.Qf2 Qxf2+ 29.Kxf2 Kg7
30.Bd5 bxc3 31.bxc3 Ne5 32.d4 Nd7 33.Bd8  1-0

[Event "Valencia op"]
[Site "Valencia"]
[Date "1990.??.??"]
[Round "?"]
[White "Oltra Caurin, Ramon"]
[Black "Garcia Fernandez, Carlos"]
[Result "0-1"]
[WhiteElo "2440"]
[BlackElo "2315"]

1.e4 e5 2.Nf3 Nc6 3.Bb5 a6 4.Ba4 Nf6 5.O-O b5 6.Bb3 Bb7 7.d4 Nxd4 8.Nxd4 exd4
9.e5 Ne4 10.c3 dxc3 11.Qf3 d5 12.exd6 Qf6 13.Re1 O-O-O 14.Qxf6 gxf6 15.dxc7 Kxc7
16.Nxc3 Nxc3 17.Bf4+ Bd6 18.Bxd6+ Rxd6 19.Rac1 Bd5 20.Rxc3+ Kd7 21.Bxd5 Rxd5
22.Rce3 Kc6 23.Re7 Rf8 24.Rc1+ Kb6 25.g3 b4 26.Rcc7 Rd2 27.Rb7+ Ka5 28.b3 h5
29.Rec7 Rd5 30.Rc4 Rb5 31.Rd7 Rf5 32.a4 Re8 33.Kf1 Re3 34.Rc6 Rxb3 35.Ra7 Rb1+
36.Kg2 b3 37.Rcxa6+ Kb4 38.Rb6+ Ka3 39.f4 Rc5 40.Rxf6 Rc2+ 41.Kf3 Rc3+ 42.Ke4 Rc4+
43.Kf5 Rc5+ 44.Ke4 b2 45.Rb7 Re1+ 46.Kd4 Rc7 47.Rfb6 Rxb7 48.Rxb7 b1=Q 49.Rxb1 Rxb1
50.Ke5 Kxa4 51.Kf6 Rb7 52.Kg5 Kb5 53.Kxh5 Kc6 54.Kg5 Kd7 55.Kf6 Ke8 56.h4 Rb6+
57.Kf5 Kf8 58.g4 Kg7 59.g5 Rb5+ 60.Kg4 f5+ 61.Kh5 Rb4  0-1

[Event "Valencia op"]
[Site "Valencia"]
[Date "1990.??.??"]
[Round "?"]
[White "Rodriguez Talavera, Juan Carlos"]
[Black "Coret Frasquet, Jose"]
[Result "0-1"]
[WhiteElo "2365"]
[BlackElo "2300"]

1.e4 e5 2.Nf3 Nc6 3.Bb5 a6 4.Ba4 Nf6 5.O-O b5 6.Bb3 Bb7 7.Re1 Bc5 8.c3 d6
9.d4 Bb6 10.Qd3 h6 11.Nbd2 O-O 12.a4 exd4 13.cxd4 Nb4 14.Qf1 Bc6 15.d5 Bd7
16.axb5 Bxb5 17.Nc4 Ng4 18.Be3 Nxe3 19.fxe3 f5 20.exf5 Rxf5 21.Kh1 Qe7 22.e4 Rf4
23.Qe2 Raf8 24.Qd2 Bc5 25.Qc3 Rxe4 26.Nce5 Rxe1+ 27.Qxe1 Qf6 28.Rc1 dxe5
29.Rxc5 Nd3 30.Qe3 Nxc5 31.Qxc5 e4 32.Nd2 Qd6 33.Qd4 Bd3 34.g3 Re8 35.Nc4 Bxc4
36.Bxc4 e3  0-1

[Event "Yaroslavl"]
[Site "Yaroslavl"]
[Date "1990.??.??"]
[Round "?"]
[White "Kozlov, Vladimir N"]
[Black "Bode, Ulf"]
[Result "1-0"]
[WhiteElo "2375"]
[BlackElo "2250"]

1.e4 e5 2.Nf3 Nc6 3.Bb5 a6 4.Ba4 Nf6 5.O-O b5 6.Bb3 Bb7 7.d3 Bd6 8.c3 O-O
9.Bg5 h6 10.Bh4 g5 11.Bg3 Kg7 12.Nbd2 Re8 13.Re1 Bf8 14.Nf1 d6 15.Ne3 Bc8
16.h4 Ng8 17.hxg5 hxg5 18.Bd5 Nge7 19.Nxg5 Nxd5 20.Qh5 Nf6 21.Qxf7+ Kh6 22.Nd5 Bg7
23.Nxf6 Qxf6 24.Qxe8 Bb7 25.Nf7+ Kh7 26.Qd7 Rf8 27.Nxe5 Nxe5 28.Qh3+ Kg8
29.Qd7  1-0

[Event "EU-ch U20"]
[Site "Aalborg"]
[Date "1991.??.??"]
[Round "?"]
[White "Pedzich, Dominik"]
[Black "Jepson, Christian"]
[Result "0-1"]
[WhiteElo "2400"]
[BlackElo "2235"]

1.e4 e5 2.Nf3 Nc6 3.Bb5 a6 4.Ba4 Nf6 5.O-O b5 6.Bb3 Bb7 7.Re1 Bc5 8.c3 d6
9.d4 Bb6 10.a4 h6 11.d5 Ne7 12.axb5 axb5 13.Rxa8 Qxa8 14.Be3 Bxe3 15.Rxe3 Ng4
16.Re1 f5 17.exf5 Nf6 18.Na3 Bxd5 19.Bxd5 Nfxd5 20.Nxb5 O-O 21.c4 Qb7 22.Nh4 Nf4
23.Qf3 Qb8 24.g3 Nh3+ 25.Kg2 Ng5 26.Qd3 e4 27.Qd2 Qb7 28.Qf4 Kh7 29.Re2 g6
30.f6 Ng8 31.Nc3 Rxf6 32.Qg4 Rf7 33.Nd5 c6 34.Nc3 d5 35.cxd5 cxd5 36.Kf1 Nf6
37.Qf4 d4 38.Nd1 Qb3 39.Qd2 Qc4 40.Qc2 Qe6 41.Qc4 Ng4 42.f4 d3  0-1

[Event "Andorra op"]
[Site "Andorra"]
[Date "1991.??.??"]
[Round "?"]
[White "Tejero, Jorge"]
[Black "Braga, Fernando"]
[Result "1-0"]
[WhiteElo "2295"]
[BlackElo "2445"]

1.e4 e5 2.Nf3 Nc6 3.Bb5 a6 4.Ba4 Nf6 5.O-O b5 6.Bb3 Bb7 7.Re1 Bc5 8.c3 d6
9.d4 Bb6 10.Bg5 h6 11.Bh4 g5 12.Bg3 O-O 13.dxe5 Nxe5 14.Nxe5 dxe5 15.Nd2 Qe7
16.Qf3 Rad8 17.Rad1 Bc8 18.h3 g4 19.Qe2 Nh5 20.Kh2 Nf4 21.Bxf4 exf4 22.hxg4 Qh4+
23.Kg1 Rxd2 24.Rxd2 Bxg4 25.Qd3 f3 26.e5 Qg5 27.Bc2 Bf5 28.Qxf3 Qxd2 29.Qxf5 Qxe1+
30.Kh2 Rd8 31.Qh7+ Kf8 32.Qh8+ Ke7 33.Qf6+ Ke8 34.Bf5 Qxf2 35.Qh8+  1-0

[Event "ARG-ch"]
[Site "?"]
[Date "1991.??.??"]
[Round "2"]
[White "Bronstein, Luis"]
[Black "Rosito, Jorge"]
[Result "1-0"]
[WhiteElo "2370"]
[BlackElo "2330"]

1.e4 e5 2.Nf3 Nc6 3.Bb5 a6 4.Ba4 Nf6 5.O-O b5 6.Bb3 Bb7 7.d3 Bd6 8.a4 O-O
9.Bg5 Na5 10.Ba2 b4 11.Nbd2 Re8 12.h3 Bf8 13.Nh2 h6 14.Bxf6 Qxf6 15.Qh5 g6
16.Ng4 Qg7 17.Qh4 Kh8 18.f4 exf4 19.Nf6 Bc5+ 20.Kh1 Re7 21.Qxf4 Bd4 22.Rab1 d6
23.Nc4 Nxc4 24.Bxc4 a5 25.c3 Be5 26.Qh4 g5 27.Qf2 Bc6 28.Bd5 Bxd5 29.Nxd5 Rd7
30.d4 Bf4 31.g3  1-0

[Event "AUT-ch"]
[Site "?"]
[Date "1991.??.??"]
[Round "?"]
[White "Schlosser, Michael"]
[Black "Baumgartner, Heinz"]
[Result "1-0"]
[WhiteElo "2380"]
[BlackElo "2345"]

1.e4 e5 2.Nf3 Nc6 3.Bb5 a6 4.Ba4 Nf6 5.O-O b5 6.Bb3 Bb7 7.c3 Be7 8.d4 d6
9.Qe2 O-O 10.Rd1 Qc8 11.h3 Nd7 12.Nbd2 Na5 13.Bc2 c5 14.d5 Qc7 15.b3 Bc8
16.Nf1 Bf6 17.Ne3 g6 18.Ng4 Bg7 19.Nh6+ Kh8 20.g4 Nf6 21.Nh4 Ng8 22.Nxg8 Kxg8
23.Qf3 Qe7 24.Qg3 Kh8 25.Rf1 Bd7 26.Bd2 Nb7 27.f3 Rg8 28.Kh2 a5 29.Rab1 b4
30.g5 Rgf8 31.Rg1 Rfc8 32.Nf5 Qf8 33.Nxg7 Qxg7 34.Rgc1 Rf8 35.a4 f6 36.gxf6 Qxf6
37.Rf1 bxc3 38.Bxc3 Qf4 39.Qxf4 Rxf4 40.Kg3 g5 41.Bd2 Rh4 42.Rh1 h6 43.Bd3 Kg7
44.Bb5 Bc8 45.Kg2 Nd8 46.Be1 Rf4 47.Bg3 Rf8 48.Be2 Nf7 49.h4 Ba6 50.Bc4 Kf6
51.hxg5+ hxg5 52.Be1 Rh8 53.Bd2 Rxh1 54.Kxh1 Kg6 55.Kg2 Kf6 56.Bxa6 Rxa6
57.Kf2 Nh8 58.Rg1 Nf7 59.Ke2 Rb6 60.Rb1 Ra6 61.Kd3  1-0

[Event "AUT-ch"]
[Site "?"]
[Date "1991.??.??"]
[Round "?"]
[White "Fauland, Alexander"]
[Black "Baumgartner, Heinz"]
[Result "1/2-1/2"]
[WhiteElo "2475"]
[BlackElo "2345"]

1.e4 e5 2.Nf3 Nc6 3.Bb5 a6 4.Ba4 Nf6 5.O-O b5 6.Bb3 Bb7 7.Re1 Be7 8.c3 d6
9.d4 O-O 10.Nbd2 exd4 11.cxd4 Nb4 12.a3 Nd3 13.Re3 Nxc1 14.Rxc1 c5 15.h3 Qb6
16.d5 Nd7 17.Nf1 Bf6 18.Rb1  1/2-1/2

[Event "AUT-chT"]
[Site "?"]
[Date "1991.??.??"]
[Round "?"]
[White "Janetschek, Karl"]
[Black "Baumgartner, Heinz"]
[Result "1-0"]
[WhiteElo "2345"]
[BlackElo "2345"]

1.e4 e5 2.Nf3 Nc6 3.Bb5 a6 4.Ba4 Nf6 5.O-O b5 6.Bb3 Bb7 7.Re1 Be7 8.d4 d6
9.c3 O-O 10.a4 Nd7 11.Na3 Nb6 12.axb5 axb5 13.d5 Na5 14.Ba2 c6 15.Be3 Nac4
16.Nxc4 Nxc4 17.b4 cxd5 18.exd5 Qc7 19.Qd3 Rfc8 20.Nd2 Nxe3 21.Rxe3 g6 22.Nb3 Bg5
23.Rg3 Bf4 24.Rf3 Ra3 25.Na5 Ba8 26.Qxb5 Rb8 27.Qf1 Rxc3 28.Nc6 Rxf3 29.gxf3 Bxc6
30.Qc4 Rb6 31.dxc6 Rxc6 32.Qd5 Rc2 33.Bb3 Rd2 34.Qa8+ Kg7 35.Bxf7 Qe7 36.Bg8 Bxh2+
37.Kf1 Rc2 38.b5 e4 39.Ra7 Rc7 40.b6 Rd7 41.Rxd7  1-0

[Event "Bacolod"]
[Site "Bacolod"]
[Date "1991.??.??"]
[Round "7"]
[White "Barcenilla, Rogelio"]
[Black "Ye Rongguang"]
[Result "0-1"]
[WhiteElo "2435"]
[BlackElo "2545"]

1.e4 e5 2.Nf3 Nc6 3.Bb5 a6 4.Ba4 Nf6 5.O-O b5 6.Bb3 Bb7 7.c3 Nxe4 8.Re1 d5
9.d3 Nc5 10.Nxe5 Nxe5 11.Rxe5+ Be7 12.Qe2 Ne6 13.f4 O-O 14.f5 Bc5+ 15.Kh1 Ng5
16.f6 gxf6 17.Rf5 Re8 18.Qf1 Re5 19.Bxg5 Rxf5 20.Qxf5 fxg5 21.d4 Qe7 22.Nd2 Bd6
23.Nf3 Re8 24.Rf1 f6 25.Bxd5+ Bxd5 26.Qxd5+ Qe6 27.Qxe6+ Rxe6 28.Re1 Kf7
29.h3 Bg3 30.Rxe6 Kxe6 31.Kg1 Kd5 32.Kf1 Ke4 33.Ke2 Bf4 34.Ne1 h5 35.Nd3 Bd6
36.Nf2+ Kf4 37.b3 f5 38.c4 bxc4 39.bxc4 g4 40.c5 Be7 41.hxg4 fxg4 42.a4 Bh4
43.Nd3+ Ke4 44.Nb4 Kxd4 45.Nxa6 Bg3 46.c6 Kc4 47.Ke3 Bd6 48.Nb8 Kb4 49.Nd7 h4
50.Nf6 g3 51.Nd7 Kxa4 52.Kf3 Kb5 53.Nb8 Bc5 54.Kg4 Ba7 55.Nd7 Kxc6 56.Nf8 Kd5
57.Kxh4 Bc5 58.Nd7 Bd6 59.Kg4 Ke6 60.Nb8 c5 61.Nc6 Kd5 62.Na5 Bc7 63.Nb3 c4
64.Nc1 Ke4 65.Na2 Be5 66.Nb4 Bd6 67.Nc2 Kd3 68.Ne1+ Ke2 69.Nc2 Bc5  0-1

[Event "Baku"]
[Site "Baku"]
[Date "1991.??.??"]
[Round "?"]
[White "Magomedov, Magaram"]
[Black "Yilmaz, Turham"]
[Result "1-0"]
[WhiteElo "2470"]
[BlackElo "2345"]

1.e4 e5 2.Nf3 Nc6 3.Bb5 a6 4.Ba4 Nf6 5.O-O b5 6.Bb3 Bb7 7.d3 Be7 8.Nc3 d6
9.a4 b4 10.Nd5 Nxd5 11.Bxd5 Rb8 12.Bd2 O-O 13.Qe1 Kh8 14.a5 Qd7 15.Be3 f5
16.exf5 Rxf5 17.Nd2 Nd4 18.Bxb7 Nxc2 19.Qc1 Nxa1 20.Bd5 Bg5 21.Bxg5 Rxg5
22.Nf3 Rh5 23.Qxa1 c6 24.Qa4 Rb5 25.Bc4 Rb8 26.Bd5 Rb5 27.Bc4 Rb8 28.Bxa6 d5
29.Re1 Qd6 30.d4 e4 31.Ne5 Qf6 32.Qxc6 Qf4 33.g3 Qd2 34.Qc1 e3 35.Qxd2 exd2
36.Rd1 b3 37.Be2 Rf5  1-0

[Event "JUG-ch"]
[Site "Banja Vrucica"]
[Date "1991.??.??"]
[Round "?"]
[White "Brenjo, Slavisa"]
[Black "Petronic, Jovan"]
[Result "1/2-1/2"]
[WhiteElo "2320"]
[BlackElo "2355"]

1.e4 e5 2.Nf3 Nc6 3.Bb5 a6 4.Ba4 Nf6 5.O-O b5 6.Bb3 Bb7 7.c3 Nxe4 8.d4 Na5
9.Bc2 exd4 10.Re1 d5 11.Nxd4 c5 12.f3 cxd4 13.fxe4 dxe4 14.Bxe4 Bxe4 15.Qg4 Ra7
16.Rxe4+ Re7 17.Bg5 Rxe4 18.Qxe4+ Be7 19.cxd4 f6  1/2-1/2

[Event "JUG-ch"]
[Site "Banja Vrucica"]
[Date "1991.??.??"]
[Round "?"]
[White "Mujagic, Ramo"]
[Black "Petronic, Jovan"]
[Result "1/2-1/2"]
[WhiteElo "2315"]
[BlackElo "2355"]

1.e4 e5 2.Nf3 Nc6 3.Bb5 a6 4.Ba4 Nf6 5.O-O b5 6.Bb3 Bb7 7.Re1 Bc5 8.c3 d6
9.d4 Bb6 10.h3 O-O 11.a4 h6 12.d5 Ne7 13.c4 b4 14.a5 Bc5 15.Nbd2 Nd7 16.Bc2 c6
17.Nb3 cxd5 18.cxd5 f5 19.Nxc5 Nxc5 20.Nd2 fxe4 21.Nxe4 Rc8 22.Bd2 b3 23.Bxb3 Nxb3
24.Qxb3 Bxd5 25.Qd3 Rc6 26.Bb4 Rf4 27.Bd2 Rxe4 28.Rxe4 Bxe4 29.Qxe4 Qc8 30.Re1 Rc4
31.Qd3 Qc6 32.Qb3 Kh7 33.Qd3+ Kg8 34.Qb3 Kh7 35.Qd3+ Kh8 36.Qb3 Nd5 37.Qb8+ Kh7
38.Qf8 Nf6 39.Qf7 Qd5 40.Qxd5 Nxd5 41.Rd1 Nc7 42.Rc1 Rxc1+ 43.Bxc1 Kg6 44.f3 Kf5
45.Kf2 Ke6 46.Ke3 Kd5 47.Kd3 Ne6 48.h4 h5 49.Be3 Nd8 50.g3 Nc6 51.Bb6 Nb8
52.Be3 g6 53.b4 Nc6 54.Kc3 Ne7 55.Kd3 Kc6 56.g4 Kd5 57.Bg5 Nc6 58.Bd2 Nd4
59.Ke3 Nc2+ 60.Kd3 Nd4 61.Ke3 Nb5 62.Be1 Nc7 63.Kd3 Ne6 64.Bd2 Nc7 65.Bc1 Ke6
66.Bd2 d5 67.Bh6 Nb5 68.Bf8 Kf7 69.Bc5 Kf6 70.Bf8 Ke6 71.Bh6 Nd4 72.f4 Nc6
73.gxh5 e4+ 74.Ke3 gxh5 75.Bf8 Na7 76.Bc5 Nb5 77.Bf8 Kf5 78.Bc5 Kg6 79.Be7 Kf7
80.Bc5 Kf6 81.Bf8 Ke6 82.Bc5 Kf5 83.Bb6 Kg4 84.Bd8 Na7 85.Kd4 Nc6+ 86.Kxd5 Nxd8
87.Kxe4 Kxh4 88.b5 Kg4 89.bxa6 Nc6 90.f5 h4 91.f6 h3 92.f7 h2 93.f8=Q h1=Q+
94.Kd3 Qd5+ 95.Ke3 Qb3+ 96.Kd2 Qb2+ 97.Kd1 Qa1+ 98.Kd2 Qxa5+ 99.Kd1 Qd5+
100.Kc1 Qc4+ 101.Kd1 Qxa6 102.Qg7+ Kf5 103.Qf7+ Ke5 104.Qg7+ Kd5 105.Qg2+ Kd6
106.Qg6+ Kc7 107.Qf7+ Kd6 108.Qf6+ Kd5 109.Qf3+ Kc5 110.Qf5+ Kb6 111.Qf2+ Kc7
112.Qf4+ Kc8 113.Qf5+ Kb8 114.Qf4+ Ka8 115.Qf8+ Ka7 116.Qf2+ Qb6 117.Qxb6+ Kxb6  1/2-1/2

[Event "JUG-ch"]
[Site "Banja Vrucica"]
[Date "1991.??.??"]
[Round "?"]
[White "Popovic, Petar"]
[Black "Vujosevic, Vladimir"]
[Result "1-0"]
[WhiteElo "2510"]
[BlackElo "2380"]

1.e4 e5 2.Nf3 Nc6 3.Bb5 a6 4.Ba4 Nf6 5.O-O b5 6.Bb3 Bb7 7.c3 Be7 8.d4 d6
9.Nbd2 O-O 10.Bc2 Re8 11.Re1 Bf8 12.d5 Nb8 13.b3 c6 14.c4 Nbd7 15.a4 Qc7
16.Ba3 bxc4 17.bxc4 a5 18.Bd3 Ba6 19.Qe2 Rec8 20.Rec1 Rab8 21.Qe3 Qb6 22.c5 dxc5
23.Rab1 Qa7 24.Rxb8 Nxb8 25.d6 Bxd6 26.Nc4 Qc7 27.Bb2 Re8 28.Bc3 Bxc4 29.Bxc4 h6
30.Qe1 Qa7 31.Bxa5 Na6 32.Rd1 Bb8 33.Bc3 Nb4 34.Bb3 Qb6 35.Bc4 Qb7 36.Bb3 Qb6
37.Qe2 Qa6 38.Qe3 c4 39.Bxb4 cxb3 40.Qxb3 Nxe4 41.Rd7 Kh8 42.Qxf7 Rg8 43.Bf8  1-0

[Event "JUG-ch"]
[Site "Banja Vrucica"]
[Date "1991.??.??"]
[Round "?"]
[White "Burovic, Ismet"]
[Black "Obralic, Esad"]
[Result "1-0"]
[WhiteElo "2375"]
[BlackElo "2295"]

1.e4 e5 2.Nf3 Nc6 3.Bb5 a6 4.Ba4 Nf6 5.O-O b5 6.Bb3 Bb7 7.d3 Bc5 8.c3 O-O
9.d4 Bb6 10.dxe5 Nxe4 11.Bd5 Nc5 12.Bg5 Qe8 13.Be3 Na4 14.Bc1 Nd8 15.Re1 Bxd5
16.Qxd5 Ne6 17.Nbd2 c6 18.Qd3 Nac5 19.Qc2 f5 20.exf6 Rxf6 21.b4 Na4 22.Ne4 Rf8
23.Neg5 Nxg5 24.Rxe8 Nxf3+ 25.gxf3 Raxe8 26.Kg2 d5 27.Bg5 Re5 28.Bh4 Ref5
29.Qe2 Rxf3 30.Qe6+ Kh8 31.Qxc6 Rxc3 32.Qxd5 Rc4 33.Qd6 Rcf4 34.Re1 h6 35.Bg3 R4f6
36.Re6 R6f7 37.Re7 Rf6 38.Qd7 Rg6 39.Re8 Rf6 40.Rxf8+ Rxf8 41.Qb7 Rf6 42.Qxa6  1-0

[Event "Beersheba-B"]
[Site "Beersheba"]
[Date "1991.??.??"]
[Round "?"]
[White "Gofshtein, Leonid D"]
[Black "Ater, Itai"]
[Result "1-0"]
[WhiteElo "2440"]
[BlackElo "2200"]

1.e4 e5 2.Nf3 Nc6 3.Bb5 a6 4.Ba4 Nf6 5.O-O b5 6.Bb3 Bb7 7.d3 Bd6 8.c4 O-O
9.Nc3 bxc4 10.dxc4 Nd4 11.Nxd4 exd4 12.Qxd4 Re8 13.f3 Qe7 14.Be3 Nh5 15.Qd2 Kh8
16.g4 Nf6 17.Rfd1 a5 18.Bc2 Rad8 19.Qf2 Be5 20.Bd3 h6 21.Rac1 g5 22.Ne2 Nh7
23.Ng3 d6 24.c5 d5 25.c6 d4 26.Bd2 Ba8 27.Nf5 Qf6 28.Bxa5 Bxc6 29.Rc5 Nf8
30.Qc2 Re6 31.Rc1 Bf4 32.e5 Qg6 33.Bxc7 Rc8 34.Nd6 Bxf3 35.Bxg6 Be3+ 36.Kf1 Nxg6
37.Nxc8 Nf4 38.Re1 Bxg4 39.Rxe3 dxe3 40.Ba5  1-0

[Event "Beijing op"]
[Site "Beijing"]
[Date "1991.??.??"]
[Round "8"]
[White "Wang Zili"]
[Black "Malaniuk, Vladimir P"]
[Result "1/2-1/2"]
[WhiteElo "2500"]
[BlackElo "2500"]

1.e4 e5 2.Nf3 Nc6 3.Bb5 a6 4.Ba4 Nf6 5.O-O b5 6.Bb3 Bb7 7.c3 Nxe4 8.d4 Na5
9.Bc2 exd4 10.Qe2 d5 11.Nxd4 c5 12.Nb3 Nxb3 13.axb3 Be7 14.Re1 Nf6 15.Bg5 Kf8
16.Nd2 h6 17.Bh4 Rc8 18.Rad1 Rc6 19.Qd3 Bc8 20.Nf3 Re6 21.Bxf6 Bxf6 22.Qxd5 Qxd5
23.Rxd5 Rxe1+ 24.Nxe1 Be7 25.Bf5 Bxf5 26.Rxf5 Bd6 27.Nd3 Ke7 28.Nxc5 g6 29.Rd5 Rd8
30.g3 Bxc5 31.Rxc5 Rd2  1/2-1/2

[Event "Beijing op"]
[Site "Beijing"]
[Date "1991.??.??"]
[Round "9"]
[White "Ye Jiangchuan"]
[Black "Ye Rongguang"]
[Result "1/2-1/2"]
[WhiteElo "2515"]
[BlackElo "2545"]

1.e4 e5 2.Nf3 Nc6 3.Bb5 a6 4.Ba4 Nf6 5.O-O b5 6.Bb3 Bb7 7.d4 Nxd4 8.Bxf7+ Kxf7
9.Nxe5+ Kg8 10.Qxd4 c5 11.Qd1 Qe8 12.Nf3 Qxe4 13.Bg5 Qf5 14.Bxf6 Qxf6 15.Nc3 Rd8
16.a4 d5 17.axb5 d4 18.Nb1 axb5 19.Nbd2 h6 20.Re1 c4 21.Re5 c3 22.Ne4 Bxe4
23.Rxe4 cxb2 24.Rb1 d3 25.Re5 Ba3 26.cxd3 b4 27.Rc5 Qd6 28.Rc2 Kh7 29.d4 Rhf8
30.h4 Qf4 31.Rc5 Qe4 32.Re5 Qc6 33.Qd3+ Qg6 34.Qxg6+ Kxg6 35.Rc5 Kh7 36.Kf1 Rfe8
37.h5 Re4 38.Rc2 Rd5 39.Rcxb2 Rxh5 40.g4 Rxg4 41.Rb3 Rh1+ 42.Ke2 Rh5 43.Re3 Rd5
44.Rd3 Re4+ 45.Kf1 Kg6 46.Rbb3 Kf5 47.Ne1 Rdxd4 48.Rxd4 Rxd4 49.Nc2 Rd1+
50.Ke2  1/2-1/2

[Event "Berliner Sommer"]
[Site "Berlin"]
[Date "1991.??.??"]
[Round "?"]
[White "Geller, Efim P"]
[Black "Kuzmin, Alexey"]
[Result "1/2-1/2"]
[WhiteElo "2525"]
[BlackElo "2520"]

1.e4 e5 2.Nf3 Nc6 3.Bb5 a6 4.Ba4 Nf6 5.O-O b5 6.Bb3 Bb7 7.c3 Nxe4 8.d4 Na5
9.Bc2 exd4 10.Nxd4 c5 11.Nf5 Qf6 12.Ne3 Qe6 13.f3  1/2-1/2

[Event "Biel op (Women)"]
[Site "Biel"]
[Date "1991.??.??"]
[Round "8"]
[White "Erneste, Inguna"]
[Black "Markovic, Gordana"]
[Result "1/2-1/2"]
[WhiteElo "2205"]
[BlackElo "2275"]

1.e4 e5 2.Nf3 Nc6 3.Bb5 a6 4.Ba4 Nf6 5.O-O b5 6.Bb3 Bb7 7.d3 Be7 8.a4 b4
9.a5 O-O 10.Nbd2 d6 11.Nc4 Nd4 12.Ba2 Rb8 13.Be3 Ne6 14.Bd2 c5 15.c3 bxc3
16.bxc3 Bc6 17.Nb6 Nc7 18.Re1 Nb5 19.Bc4 Rb7 20.Qc2 Qb8 21.Qa2 h6 22.g3 Bd8
23.Nd5 Nxd5 24.Bxd5 Bxd5 25.Qxd5 Na7 26.Ra4 Rb2 27.Be3 Qb5 28.Raa1 Bc7 29.Nd2 Nc6
30.f4 Rb8 31.Qc4 Qxc4 32.Nxc4 R2b7 33.Reb1 Rxb1+  1/2-1/2